¿Qué podemos aprender de nuestros estudiantes? Reflexiones en torno al uso de las gráficas (Record no. 205132)

MARC details
000 -CABECERA
campo de control de longitud fija 01856nab a2200289 a 4500
005 - FECHA Y HORA DE LA ÚLTIMA TRANSACCIÓN
campo de control 20240924070216.0
008 - ELEMENTOS DE LONGITUD FIJA--INFORMACIÓN GENERAL
campo de control de longitud fija 991125c2019 mx zr p o 000 0 spa d
035 ## - NÚMERO DE CONTROL DEL SISTEMA
Número de control de sistema UPN01000233037
040 ## - FUENTE DE LA CATALOGACIÓN
Centro catalogador/agencia de origen MX-MxUPN
Lengua de catalogación spa
Centro/agencia transcriptor MX-MxUPN
Normas de descripción aacr2
049 ## - COLECCIÓN
Colección ART-E
100 1# - ASIENTO PRINCIPAL--NOMBRE PERSONAL
Nombre de persona Zaldívar Rojas, José David
Enlace - david.zaldivar@uadec.edu.mx
100 1# - ASIENTO PRINCIPAL--NOMBRE PERSONAL
Nombre de persona Briceño Solis, Eduardo Carlos
245 10 - MENCIÓN DE TÍTULO
Título ¿Qué podemos aprender de nuestros estudiantes? Reflexiones en torno al uso de las gráficas
Medio [recurso electrónico en línea]
506 ## - NOTA DE RESTRICCIONES AL ACCESO
Limitaciones de acceso Acceso abierto
520 3# - NOTA DE RESUMEN, ETC.
Sumario, etc. En el presente artículo se discute un análisis de los usos de las gráficas que surgen a partir de una experiencia con estudiantes mexicanos de bachillerato (15-17 años) cuando se enfrentan a una situación de modelación del movimiento con apoyo de tecnología. Se evidencia cómo el uso de la gráfica atraviesa durante la puesta en escena por resignificaciones progresivas que dentro del discurso matemático escolar podrían considerarse como errores conceptuales pero que, desde nuestro posicionamiento teórico, son más bien formas culturales de saberes que se encuentran en la base de justificaciones funcionales. De esta manera se conforma un marco de usos de las gráficas donde la variación y el comportamiento con tendencia se convierten en esenciales en el proceso de resignificación.
650 #4 - ASIENTO SECUNDARIO DE MATERIA - TERMINO TEMATICO
Término de materia o nombre geográfico como elemento de entrada Estudiantes
9 (RLIN) 13250
650 #7 - ASIENTO SECUNDARIO DE MATERIA - TERMINO TEMATICO
9 (RLIN) 2253
Término de materia o nombre geográfico como elemento de entrada Educación media superior
653 0# - TERMINO DE INDIZACION - NO CONTROLADO
Término no controlado Gráficas
653 0# - TERMINO DE INDIZACION - NO CONTROLADO
Término no controlado Modelación matemática
653 0# - TERMINO DE INDIZACION - NO CONTROLADO
Término no controlado Bachillerato
653 0# - TERMINO DE INDIZACION - NO CONTROLADO
Término no controlado Resignificación
773 ## - ENLACE AL DOCUMENTO FUENTE/ENTRADA DE REGISTRO ANFITRIÓN
Parte(s) relacionada(s) Vol. 31, no. 2 (2019), p. 212-240
Título Educación matemática
Número Internacional Normalizado para Publicaciones Seriadas 0187-8298
856 40 - LOCALIZACIÓN Y ACCESO ELECTRÓNICOS
Identificador Uniforme del Recurso <a href="http://www.revista-educacion-matematica.org.mx/descargas/vol31/2/09_REM31-2.pdf">http://www.revista-educacion-matematica.org.mx/descargas/vol31/2/09_REM31-2.pdf</a>
902 ## - ELEMENTOS DE DATOS B LOCAL, LDB (RLIN)
Creó GloriaJiménez/161122
Modificó GloriaJiménez/161122
905 ## - TIPO DE MATERIAL
Tipo de material Articulo
942 ## - ELEMENTOS DE PUNTO DE ACCESO ADICIONAL (KOHA)
Tipo de ítem Koha Artículo Electrónico
Holdings
Estado de retiro Estado de pérdida Estado dañado No para préstamo Código de colección Localización permanente Ubicación/localización actual Ubicación en estantería Fecha de adquisición Total de préstamos Fecha visto por última vez Identificador Uniforme del Recurso Precio válido a partir de Tipo de ítem Koha
        Acceso abierto Bib. Gregorio Torres Quintero Bib. Gregorio Torres Quintero En línea 16/11/2022   16/11/2022 http://www.revista-educacion-matematica.org.mx/descargas/vol31/2/09_REM31-2.pdf 16/11/2022 Artículo Electrónico